[Event "Titled Tuesday intern op 22nd Feb Late"]
[Site "Chess.com INT"]
[Date "2022.02.22"]
[Round "2"]
[White "Ankerst, Mihael"]
[Black "Virtanen, Teemu"]
[Result "1-0"]
[WhiteElo "2370"]
[BlackElo "2284"]
[PlyCount "85"]
[EventDate "2022.02.22"]
[EventType "swiss (blitz)"]
[EventRounds "11"]
[EventCountry "USA"]
[SourceTitle "CBM 207 Extra"]
[Source "ChessBase"]
[SourceDate "2022.05.31"]
[SourceVersion "1"]
[SourceVersionDate "2022.05.31"]
[SourceQuality "1"]

1. e4 d6 2. d4 Nf6 3. Nc3 c6 4. f4 Qa5 5. Bd3 e5 6. Nf3 Bg4 7. Be3 Nbd7 8. 0-0 Be7 9. Ne2 0-0 10. c3 Rfe8 11. Kh1 Bf8 12. Ng3 exf4 13. Bxf4 Nh5 14. Nxh5 Qxh5 15. Qd2 Nf6 16. Rae1 Rad8 17. Ng5 h6 18. Nf3 c5 19. h3 cxd4 20. cxd4 d5 21. e5 Ne4 22. Qe3 Bb4 23. Rc1 Bf5 24. Kg1 Bh7 25. Rc7 Re7 26. Rfc1 Rxc7 27. Rxc7 Ba5 28. Rxb7 Bb6 29. a4 Qg6 30. a5 Bxa5 31. Rxa7 Qb6 32. Ra6 Qb4 33. e6 fxe6 34. Ne5 Bb6 35. Nc6 Qxb2 36. Kh2 Rf8 37. Bxh6 Rf2 38. Ra8+ Kf7 39. Ne5+ Ke7 40. Bxe4 Bxe4 41. Qg5+ Kd6 42. Rd8+ Kc7 43. Qe7# 1-0

[Event "Titled Tuesday intern op 22nd Feb Late"]
[Site "Chess.com INT"]
[Date "2022.02.22"]
[Round "11"]
[White "Virtanen, Teemu"]
[Black "Yuan, Qingyu"]
[Result "1-0"]
[WhiteElo "2284"]
[BlackElo "2373"]
[PlyCount "61"]
[EventDate "2022.02.22"]
[EventType "swiss (blitz)"]
[EventRounds "11"]
[EventCountry "USA"]
[SourceTitle "CBM 207 Extra"]
[Source "ChessBase"]
[SourceDate "2022.05.31"]
[SourceVersion "1"]
[SourceVersionDate "2022.05.31"]
[SourceQuality "1"]

1. c4 e6 2. Nc3 d5 3. e3 Nf6 4. Nf3 Nbd7 5. b3 Bd6 6. Bb2 0-0 7. Qc2 a6 8. g4 dxc4 9. bxc4 Nxg4 10. Rg1 f5 11. Ne2 b5 12. Ned4 Nc5 13. h3 Nf6 14. cxb5 Nce4 15. Bc4 Qe8 16. Nxf5 axb5 17. Nxg7 Qf7 18. Bd3 Bb7 19. Bxe4 Bxe4 20. Nxe6+ Kh8 21. Qxe4 Rae8 22. Nfg5 Qh5 23. Qf5 Be7 24. Nxf8 Rxf8 25. Be5 h6 26. Rc1 hxg5 27. Qxg5 Qh7 28. Rxc7 b4 29. Rxe7 Qxe7 30. Qh6+ Qh7 31. Qxf8+ 1-0

[Event "Pan American Intercollegiate-chT"]
[Site "Chess.com INT"]
[Date "2021.01.06"]
[Round "8"]
[White "Beradze, Irakli"]
[Black "Virtanen, Teemu"]
[Result "1-0"]
[WhiteElo "2475"]
[BlackElo "2284"]
[PlyCount "61"]
[EventDate "2021.01.04"]
[EventType "team-swiss (rapid)"]
[EventRounds "9"]
[EventCountry "USA"]
[SourceTitle "CBM 200 Extra"]
[Source "ChessBase"]
[SourceDate "2021.03.31"]
[SourceVersion "1"]
[SourceVersionDate "2021.03.31"]
[SourceQuality "1"]
[WhiteTeam "Texas Rio Grande Valley Univ II"]
[BlackTeam "Berkeley California Univ II"]
[WhiteTeamCountry "USA"]
[BlackTeamCountry "USA"]

1. e4 c5 2. Nf3 e6 3. b3 Nc6 4. Bb2 d6 5. Bb5 Bd7 6. d4 cxd4 7. Nxd4 Nf6 8. Nc3 Be7 9. 0-0 0-0 10. Re1 Rc8 11. Bxc6 bxc6 12. e5 dxe5 13. Nf3 c5 14. Nxe5 Bc6 15. Nxc6 Rxc6 16. Qf3 Rd6 17. Nb5 Rd7 18. Red1 Rxd1+ 19. Rxd1 Qb8 20. c4 a6 21. Nc3 Bd6 22. g3 Be5 23. Na4 h5 24. Ba3 Rd8 25. Nxc5 Bd4 26. Nxa6 Qa7 27. Bc5 Qxa6 28. Bxd4 Qxa2 29. Bxf6 Rxd1+ 30. Qxd1 gxf6 31. c5 1-0

[Event "Pan American Intercollegiate-chT"]
[Site "Chess.com INT"]
[Date "2021.01.05"]
[Round "5"]
[White "Escalante Ramirez, Brian Sebastian"]
[Black "Virtanen, Teemu"]
[Result "1-0"]
[WhiteElo "2454"]
[BlackElo "2284"]
[PlyCount "61"]
[EventDate "2021.01.04"]
[EventType "team-swiss (rapid)"]
[EventRounds "9"]
[EventCountry "USA"]
[SourceTitle "CBM 200 Extra"]
[Source "ChessBase"]
[SourceDate "2021.03.31"]
[SourceVersion "1"]
[SourceVersionDate "2021.03.31"]
[SourceQuality "1"]
[WhiteTeam "Texas Dallas Univ"]
[BlackTeam "Berkeley California Univ II"]
[WhiteTeamCountry "USA"]
[BlackTeamCountry "USA"]

1. e4 d6 2. d4 Nf6 3. Nc3 e5 4. Nf3 Nbd7 5. g4 Nxg4 6. Rg1 exd4 7. Nxd4 Nde5 8. h3 Nf6 9. f4 Nc6 10. Be3 Bd7 11. Qf3 Qe7 12. 0-0-0 0-0-0 13. Bb5 Qe8 14. Kb1 a6 15. Bxc6 Bxc6 16. Nxc6 Qxc6 17. Bd4 d5 18. Bxf6 Qxf6 19. Nxd5 Qh4 20. Qc3 c6 21. Nb6+ Kb8 22. Nd7+ Kc8 23. Ne5 Rxd1+ 24. Rxd1 Qf6 25. Qb3 Qe6 26. Nxf7 Qxb3 27. cxb3 Rg8 28. Rd8+ Kc7 29. Ra8 Kd7 30. Ng5 h6 31. Nh7 1-0

[Event "Pan American Intercollegiate-chT"]
[Site "Chess.com INT"]
[Date "2021.01.04"]
[Round "3"]
[White "Dragun, Kamil"]
[Black "Virtanen, Teemu"]
[Result "1/2-1/2"]
[WhiteElo "2569"]
[BlackElo "2284"]
[PlyCount "81"]
[EventDate "2021.01.04"]
[EventType "team-swiss (rapid)"]
[EventRounds "9"]
[EventCountry "USA"]
[SourceTitle "CBM 200 Extra"]
[Source "ChessBase"]
[SourceDate "2021.03.31"]
[SourceVersion "1"]
[SourceVersionDate "2021.03.31"]
[SourceQuality "1"]
[WhiteTeam "Texas Rio Grande Valley Univ"]
[BlackTeam "Berkeley California Univ II"]
[WhiteTeamCountry "USA"]
[BlackTeamCountry "USA"]

1. d4 Nf6 2. c4 e6 3. Nc3 Bb4 4. Qc2 0-0 5. a3 Bxc3+ 6. Qxc3 d5 7. Nf3 b6 8. Bg5 h6 9. Bxf6 Qxf6 10. cxd5 exd5 11. Qxc7 Ba6 12. e3 Bxf1 13. Kxf1 Nc6 14. Qf4 Qg6 15. g4 Na5 16. Kg2 Nb3 17. Rad1 Rac8 18. Qf5 Rc2 19. Rb1 Qc6 20. h4 a5 21. g5 h5 22. Ne5 Qc8 23. Qxc8 Rfxc8 24. Nd3 Rd2 25. Rhd1 Rcc2 26. Rxd2 Rxd2 27. Nf4 Rc2 28. Nxd5 Nd2 29. Rd1 Rxb2 30. Nxb6 Ne4 31. Kf3 Nxf2 32. Rc1 Ng4 33. Rc8+ Kh7 34. Nd7 Rb3 35. d5 Rxe3+ 36. Kf4 Rd3 37. Nf8+ Kg8 38. Ne6+ Kh7 39. Nf8+ Kg8 40. Ne6+ Kh7 41. Nf8+ 1/2-1/2

[Event "Titled Tuesday intern op 26th May"]
[Site "Chess.com INT"]
[Date "2020.05.26"]
[Round "5"]
[White "Virtanen, Teemu"]
[Black "Slade, Theodore"]
[Result "1-0"]
[WhiteElo "2284"]
[BlackElo "2057"]
[PlyCount "85"]
[EventDate "2020.05.26"]
[EventType "swiss (blitz)"]
[EventRounds "10"]
[EventCountry "USA"]
[SourceTitle "CBM 196 Extra"]
[Source "ChessBase"]
[SourceDate "2020.07.31"]
[SourceVersion "1"]
[SourceVersionDate "2020.07.31"]
[SourceQuality "1"]

1. c4 e6 2. Nc3 Nf6 3. e3 d5 4. Nf3 Be7 5. b3 0-0 6. Bb2 c5 7. cxd5 Nxd5 8. Be2 Nc6 9. 0-0 b6 10. Qc2 Bb7 11. Rac1 Rc8 12. Rfd1 Nxc3 13. dxc3 Qc7 14. c4 Rfd8 15. Qb1 Bf8 16. Ng5 g6 17. Ne4 Bg7 18. Nf6+ Kh8 19. Qa1 Nd4 20. exd4 Bxf6 21. dxc5 Bxb2 22. Qxb2+ Kg8 23. cxb6 axb6 24. Qf6 Ra8 25. h4 h5 26. Rc3 Rxd1+ 27. Bxd1 Rxa2 28. Rg3 Qc5 29. Rg5 Qd6 30. Bxh5 Be4 31. Rg3 Rc2 32. Bf3 Bxf3 33. Qxf3 Rc1+ 34. Kh2 Qd2 35. h5 Qe1 36. Rh3 Qg1+ 37. Kg3 Qe1 38. Kg4 Qe5 39. hxg6 fxg6 40. Qa8+ Kf7 41. Rh7+ Qg7 42. Qb7+ Kf6 43. Qxg7# 1-0

[Event "Titled Tuesday intern op 7th Januar"]
[Site "Chess.com INT"]
[Date "2020.01.07"]
[Round "4"]
[White "Lagarde, Maxime"]
[Black "Virtanen, Teemu"]
[Result "1-0"]
[WhiteElo "2651"]
[BlackElo "2284"]
[PlyCount "93"]
[EventDate "2020.01.07"]
[EventType "swiss (blitz)"]
[EventRounds "10"]
[EventCountry "USA"]
[SourceTitle "EXT 2021"]
[Source "ChessBase"]
[SourceDate "2020.10.23"]
[SourceVersion "1"]
[SourceVersionDate "2020.10.23"]
[SourceQuality "1"]

1. b3 d5 2. Bb2 Bg4 3. f3 Bh5 4. Nh3 f6 5. Nf4 Bf7 6. d4 Qd6 7. e3 e5 8. Nd3 Nd7 9. Be2 Nh6 10. 0-0 Nf5 11. Qd2 Qe6 12. dxe5 fxe5 13. e4 Qb6+ 14. Kh1 Ne3 15. Nc3 Nxf1 16. Rxf1 d4 17. Na4 Qg6 18. c4 Be7 19. f4 0-0 20. f5 Qg5 21. Qxg5 Bxg5 22. Nac5 Nxc5 23. Nxc5 b6 24. Nd3 Bf6 25. Bc1 a5 26. a4 c6 27. g4 h6 28. h4 Bxh4 29. Nxe5 Rac8 30. Nxf7 Kxf7 31. e5 Rfd8 32. Bd3 Bg3 33. e6+ Ke7 34. Kg2 Be5 35. Re1 Bd6 36. g5 Rh8 37. Kf3 b5 38. Kg4 bxa4 39. bxa4 Rb8 40. Rf1 Rb3 41. Rf3 Ba3 42. f6+ gxf6 43. gxf6+ Kd6 44. Bf4+ Kc5 45. e7 Kb6 46. Bg6 Rxf3 47. Kxf3 1-0

[Event "Bay Area op"]
[Site "Burlingame"]
[Date "2019.01.03"]
[Round "3"]
[White "Kondakov, Adrian"]
[Black "Virtanen, Teemu"]
[Result "0-1"]
[WhiteElo "2018"]
[BlackElo "2326"]
[PlyCount "92"]
[EventDate "2019.01.01"]
[EventType "swiss"]
[EventRounds "9"]
[EventCountry "USA"]
[SourceTitle "CBM 188 Extra"]
[Source "ChessBase"]
[SourceDate "2019.02.26"]
[SourceVersion "1"]
[SourceVersionDate "2019.02.26"]
[SourceQuality "1"]

1. e4 e5 2. Nf3 Nc6 3. Bc4 Nf6 4. d3 h6 5. Nbd2 g6 6. 0-0 Bg7 7. c3 0-0 8. h3 d6 9. Re1 Kh7 10. Nf1 Be6 11. Bb3 Qd7 12. Ng3 Ng8 13. Bc2 Rae8 14. d4 d5 15. Nxe5 Nxe5 16. dxe5 Bxe5 17. f4 Bh8 18. f5 Qd6 19. Qf3 Bd7 20. Bf4 Qb6+ 21. Kh2 Qxb2 22. Rec1 Qxc3 23. Bd3 dxe4 24. Nxe4 Qxa1 25. Rxa1 Bxa1 26. fxg6+ fxg6 27. Nc5 Rxf4 28. Qd1 Be5 29. g3 Rf7 30. Nxd7 Rxd7 31. Bxg6+ Kxg6 32. Qxd7 Re7 33. Qg4+ Kh7 34. Qe4+ Kh8 35. Qxb7 c5 36. Qd5 Bd4 37. Qc4 Nf6 38. Kg2 Kg7 39. a4 Rf7 40. Qe6 Rc7 41. Qd6 Rb7 42. h4 h5 43. Kf3 Rb2 44. Qe7+ Kg6 45. g4 hxg4+ 46. Kg3 Kf5 0-1

[Event "Titled Tuesday intern op 1st Jan"]
[Site "Chess.com INT"]
[Date "2019.01.01"]
[Round "7"]
[White "Tang, Andrew"]
[Black "Virtanen, Teemu"]
[Result "1-0"]
[WhiteElo "2487"]
[BlackElo "2326"]
[PlyCount "43"]
[EventDate "2019.01.01"]
[EventType "swiss (blitz)"]
[EventRounds "10"]
[EventCountry "USA"]
[SourceTitle "EXT 2021"]
[Source "ChessBase"]
[SourceDate "2020.10.23"]
[SourceVersion "1"]
[SourceVersionDate "2020.10.23"]
[SourceQuality "1"]

1. d4 Nf6 2. c4 e6 3. Nc3 Bb4 4. Qc2 0-0 5. Nf3 d5 6. Bg5 b6 7. cxd5 exd5 8. e3 Bb7 9. Bd3 h6 10. Bh4 c5 11. 0-0 Nc6 12. Bxf6 gxf6 13. Ne2 c4 14. Bf5 Ne7 15. Ng3 Bd6 16. Nh5 Nc6 17. Nh4 Re8 18. Bg6 Bf8 19. Bxf7+ Kxf7 20. Qh7+ Ke6 21. Nf4+ Kd6 22. Nf5# 1-0

[Event "Titled Tuesday intern op 1st Jan"]
[Site "Chess.com INT"]
[Date "2019.01.01"]
[Round "6"]
[White "Virtanen, Teemu"]
[Black "Hammer, Jon Ludvig"]
[Result "1-0"]
[WhiteElo "2326"]
[BlackElo "2652"]
[PlyCount "81"]
[EventDate "2019.01.01"]
[EventType "swiss (blitz)"]
[EventRounds "10"]
[EventCountry "USA"]
[SourceTitle "EXT 2021"]
[Source "ChessBase"]
[SourceDate "2020.10.23"]
[SourceVersion "1"]
[SourceVersionDate "2020.10.23"]
[SourceQuality "1"]

1. c4 e5 2. g3 c6 3. d4 e4 4. Bg2 d5 5. Nc3 h6 6. Nh3 g5 7. f3 exf3 8. exf3 Bg7 9. 0-0 Ne7 10. cxd5 0-0 11. Be3 Nf5 12. Bf2 cxd5 13. f4 g4 14. Qxg4 Ne3 15. Qe2 Nxf1 16. Rxf1 Nc6 17. Qd3 Re8 18. f5 Nb4 19. Qb5 a5 20. g4 b6 21. Qa4 Ba6 22. Rd1 Rc8 23. Nf4 Qg5 24. Nfxd5 Nxd5 25. Nxd5 Qxg4 26. f6 Bb7 27. h3 Qg5 28. Qb3 Bxf6 29. Nxf6+ Qxf6 30. Bxb7 Rb8 31. Bg2 Qg6 32. Qg3 Qxg3 33. Bxg3 Rbd8 34. d5 Kg7 35. Bf2 Rd6 36. Bg3 Rg6 37. Kf2 Rc8 38. Rd2 Rf6+ 39. Bf3 Rf5 40. d6 Rd8 41. d7 1-0

[Event "Titled Tuesday intern op 4th Dec"]
[Site "Chess.com INT"]
[Date "2018.12.04"]
[Round "8"]
[White "Virtanen, Teemu"]
[Black "Janaszak, Dawid"]
[Result "1-0"]
[WhiteElo "2326"]
[BlackElo "2349"]
[PlyCount "123"]
[EventDate "2018.12.04"]
[EventType "swiss (blitz)"]
[EventRounds "10"]
[EventCountry "USA"]
[SourceTitle "EXT 2021"]
[Source "ChessBase"]
[SourceDate "2020.10.23"]
[SourceVersion "1"]
[SourceVersionDate "2020.10.23"]
[SourceQuality "1"]

1. c4 Nf6 2. Nc3 e6 3. e4 d5 4. e5 d4 5. exf6 dxc3 6. bxc3 Qxf6 7. Nf3 h6 8. Bd3 Nc6 9. Qe2 Bd6 10. 0-0 Bd7 11. Be4 0-0 12. d4 Rfe8 13. c5 Bf4 14. Be3 e5 15. d5 Ne7 16. Rab1 Rab8 17. h3 Nf5 18. Bxf4 exf4 19. Qd3 g6 20. Rfe1 a6 21. Nd4 Nxd4 22. Qxd4 Kg7 23. Bd3 Rxe1+ 24. Rxe1 Re8 25. Kf1 Qxd4 26. cxd4 Rxe1+ 27. Kxe1 f3 28. Bf1 Kf6 29. Kd2 fxg2 30. Bxg2 Kg5 31. Ke3 Kh4 32. Kf4 f6 33. d6 c6 34. d5 h5 35. dxc6 bxc6 36. Ke4 a5 37. Kd4 g5 38. Kc4 f5 39. Kb3 f4 40. Ka4 g4 41. hxg4 Kxg4 42. Kxa5 f3 43. Bf1 h4 44. Kb6 h3 45. Bxh3+ Kxh3 46. a4 Kg2 47. a5 Kxf2 48. a6 Kg1 49. a7 f2 50. a8Q f1Q 51. Qg8+ Kh2 52. Qh7+ Kg3 53. Qxd7 Qb5+ 54. Kc7 Qxc5 55. Qg7+ Kf4 56. Qf6+ Kg4 57. Qe6+ Kg5 58. d7 Qa7+ 59. Kd8 Qb8+ 60. Ke7 Qb7 61. Ke8 Qb2 62. d8Q+ 1-0

[Event "Berkeley Summer IM"]
[Site "Berkeley"]
[Date "2018.08.11"]
[Round "1"]
[White "Stearman, Josiah P"]
[Black "Virtanen, Teemu"]
[Result "1-0"]
[WhiteElo "2346"]
[BlackElo "2309"]
[PlyCount "89"]
[EventDate "2018.08.11"]
[EventType "tourn"]
[EventRounds "9"]
[EventCountry "USA"]
[EventCategory "2"]
[SourceTitle "CBM 186 Extra"]
[Source "ChessBase"]
[SourceDate "2018.08.24"]
[SourceVersion "1"]
[SourceVersionDate "2018.08.24"]
[SourceQuality "1"]

1. e4 e5 2. Nf3 Nc6 3. Bc4 Nf6 4. d3 h6 5. 0-0 d6 6. a4 g6 7. c3 Bg7 8. Nbd2 0-0 9. Re1 Kh7 10. Nf1 Ng8 11. d4 exd4 12. Nxd4 Nxd4 13. cxd4 c6 14. Bf4 Ne7 15. e5 Nf5 16. Ng3 d5 17. Nxf5 Bxf5 18. Bd3 Qd7 19. b4 Rae8 20. Bg3 Kg8 21. b5 f6 22. bxc6 bxc6 23. Rb1 fxe5 24. dxe5 Bxd3 25. Qxd3 Rf5 26. Re2 Re6 27. a5 Rf7 28. h4 Bf8 29. a6 c5 30. Rd2 d4 31. Qc4 Qc6 32. Rb8 Kg7 33. Ra2 Rd7 34. Bf4 Be7 35. Rb7 g5 36. hxg5 hxg5 37. Bg3 Rh6 38. Rab2 Re6 39. Rxd7 Qxd7 40. Rb7 Qc6 41. f4 gxf4 42. Bh4 Kf8 43. Rb8+ Kf7 44. Qc2 Rg6 45. Rb7 1-0

[Event "Titled Tuesday intern op 3rd July"]
[Site "Chess.com INT"]
[Date "2018.07.03"]
[Round "2"]
[White "Holt, Conrad"]
[Black "Virtanen, Teemu"]
[Result "1-0"]
[WhiteElo "2586"]
[BlackElo "2269"]
[PlyCount "133"]
[EventDate "2018.07.03"]
[EventType "swiss (blitz)"]
[EventRounds "10"]
[EventCountry "USA"]
[SourceTitle "EXT 2021"]
[Source "ChessBase"]
[SourceDate "2020.10.23"]
[SourceVersion "1"]
[SourceVersionDate "2020.10.23"]
[SourceQuality "1"]

1. d4 Nf6 2. c4 e6 3. Nc3 Bb4 4. Qc2 0-0 5. e4 d5 6. e5 Ne4 7. Bd3 f5 8. Nf3 b6 9. 0-0 Bb7 10. Ne2 Be7 11. Nf4 Qd7 12. h4 c5 13. Rd1 Na6 14. Nxe6 Qxe6 15. cxd5 Qc8 16. d6 Nxd6 17. exd6 Bxd6 18. Ng5 Nb4 19. Bc4+ Kh8 20. Qe2 Bd5 21. Bxd5 Nxd5 22. dxc5 Qxc5 23. b4 Nxb4 24. Ne6 Qe5 25. Qxe5 Bxe5 26. Rb1 Nxa2 27. Nxf8 Rxf8 28. Ba3 Re8 29. Re1 Nc3 30. Rbc1 Ne4 31. f3 Nf6 32. Kf1 Kg8 33. Rc6 Kf7 34. Bb4 h6 35. Bd2 Bd4 36. Rxe8 Nxe8 37. Ke2 Bc5 38. Rc8 a5 39. Rb8 a4 40. Rb7+ Kg6 41. Bc1 Nd6 42. Ra7 Nb5 43. Ra6 Nc3+ 44. Kd3 Na2 45. Bd2 a3 46. Kc4 Kh5 47. Kb3 Kxh4 48. Be1+ Kh5 49. Kxa2 g5 50. Ra4 g4 51. fxg4+ fxg4 52. Re4 Kg5 53. Bg3 h5 54. Re5+ Kg6 55. Bh4 Bd4 56. Rg5+ Kh6 57. Rd5 Bc5 58. Kb3 Kg6 59. Rg5+ Kh6 60. Rg8 Bd6 61. Re8 Bc5 62. Re6+ Kg7 63. Bg5 Kf7 64. Rh6 Kg7 65. Bc1 Kf7 66. Rxh5 Kf6 67. Rg5 1-0

[Event "Titled Tuesday intern op 3rd July"]
[Site "Chess.com INT"]
[Date "2018.07.03"]
[Round "5"]
[White "Huschenbeth, Niclas"]
[Black "Virtanen, Teemu"]
[Result "1-0"]
[WhiteElo "2578"]
[BlackElo "2269"]
[PlyCount "57"]
[EventDate "2018.07.03"]
[EventType "swiss (blitz)"]
[EventRounds "10"]
[EventCountry "USA"]
[SourceTitle "EXT 2021"]
[Source "ChessBase"]
[SourceDate "2020.10.23"]
[SourceVersion "1"]
[SourceVersionDate "2020.10.23"]
[SourceQuality "1"]

1. e4 c5 2. Nf3 e6 3. d4 cxd4 4. Nxd4 a6 5. Bd3 Bc5 6. Nb3 Be7 7. Qg4 g6 8. Qe2 d6 9. 0-0 Nc6 10. Nc3 Nf6 11. Bh6 Ne5 12. h3 Nh5 13. f4 Ng3 14. Qf2 Nxd3 15. Qxg3 Nxb2 16. f5 Nc4 17. Bg7 Rg8 18. Bd4 Bh4 19. Qg4 Qg5 20. Qe2 b5 21. fxe6 fxe6 22. a4 Bb7 23. axb5 axb5 24. Rxa8+ Bxa8 25. Bf6 Qh6 26. Nxb5 Bxf6 27. Qxc4 Qe3+ 28. Kh1 Qxe4 29. Nxd6+ 1-0

[Event "Titled Tuesday intern op 17th April"]
[Site "Chess.com INT"]
[Date "2018.04.17"]
[Round "4"]
[White "Virtanen, Teemu"]
[Black "Rakhmanov, Alexander"]
[Result "0-1"]
[WhiteElo "2286"]
[BlackElo "2655"]
[PlyCount "134"]
[EventDate "2018.04.17"]
[EventType "swiss (blitz)"]
[EventRounds "10"]
[EventCountry "USA"]
[SourceTitle "EXT 2021"]
[Source "ChessBase"]
[SourceDate "2020.10.23"]
[SourceVersion "1"]
[SourceVersionDate "2020.10.23"]
[SourceQuality "1"]

1. c4 Nf6 2. Nc3 g6 3. g3 Bg7 4. Bg2 0-0 5. Nf3 c6 6. 0-0 d6 7. Rb1 e5 8. d3 Re8 9. b4 h6 10. b5 d5 11. Nd2 d4 12. Nce4 Nxe4 13. Nxe4 f5 14. Nd2 c5 15. a4 Nd7 16. Nb3 a5 17. e3 Ra7 18. exd4 exd4 19. Re1 b6 20. Rb2 Ne5 21. Rbe2 Rae7 22. h3 Kh7 23. f4 Nd7 24. Bc6 Bf6 25. Nd2 Kg7 26. Nf3 Rxe2 27. Rxe2 Rxe2 28. Qxe2 Qe7 29. Kf2 Qxe2+ 30. Kxe2 Bd8 31. Bd2 Bc7 32. Be1 Nf8 33. Bd2 Ne6 34. Kf2 Kf6 35. Bd5 Nf8 36. Ne5 g5 37. Nc6 Ng6 38. Kf3 Bd7 39. Bc1 Be8 40. Bd2 Nf8 41. g4 Ng6 42. fxg5+ hxg5 43. gxf5 Kxf5 44. Be4+ Kf6 45. Kg4 Bf4 46. Bxf4 Nxf4 47. h4 Bh5+ 48. Kg3 Ne2+ 49. Kh3 g4+ 50. Kg2 Nc3 51. Kg3 Nxa4 52. Nb8 Ke7 53. Nc6+ Kd6 54. Bf5 Nb2 55. Bxg4 Bg6 56. h5 Bxd3 57. Nd8 a4 58. Nf7+ Ke7 59. Ne5 Bh7 60. Nf3 Nxc4 61. Ng5 a3 62. Nxh7 a2 63. Ng5 a1Q 64. h6 Qg1+ 65. Kh4 Ne5 66. Bf5 Nf7 67. Nxf7 Kxf7 0-1

[Event "Titled Tuesday intern op 17th April"]
[Site "Chess.com INT"]
[Date "2018.04.17"]
[Round "7"]
[White "Virtanen, Teemu"]
[Black "Yuan, Qingyu"]
[Result "0-1"]
[WhiteElo "2286"]
[BlackElo "2393"]
[PlyCount "54"]
[EventDate "2018.04.17"]
[EventType "swiss (blitz)"]
[EventRounds "10"]
[EventCountry "USA"]
[SourceTitle "EXT 2021"]
[Source "ChessBase"]
[SourceDate "2020.10.23"]
[SourceVersion "1"]
[SourceVersionDate "2020.10.23"]
[SourceQuality "1"]

1. c4 e5 2. Nc3 Nf6 3. g3 Nc6 4. Bg2 Bb4 5. Nf3 0-0 6. 0-0 Re8 7. d3 Bxc3 8. bxc3 e4 9. Nd4 h6 10. Bf4 d6 11. h3 Ne5 12. Rb1 c5 13. Nc2 exd3 14. exd3 Bf5 15. Ne1 Rb8 16. g4 Bh7 17. Rxb7 Rxb7 18. Bxb7 Qa5 19. d4 Nxc4 20. dxc5 Qxc5 21. Bg2 Be4 22. Nf3 Nd5 23. Bd2 Nxd2 24. Qxd2 Qxc3 25. Qd1 Nf4 26. Qd2 Qxd2 27. Nxd2 Bxg2 0-1

[Event "PRO League Stage"]
[Site "Chess.com INT"]
[Date "2018.01.25"]
[Round "2"]
[White "Clarke, Brandon GI"]
[Black "Virtanen, Teemu"]
[Result "1-0"]
[WhiteElo "2360"]
[BlackElo "2301"]
[PlyCount "73"]
[EventDate "2018.01.18"]
[EventType "team-swiss (rapid)"]
[EventRounds "9"]
[EventCountry "USA"]
[SourceTitle "CBM 182 Extra"]
[Source "ChessBase"]
[SourceDate "2018.02.23"]
[SourceVersion "1"]
[SourceVersionDate "2018.02.23"]
[SourceQuality "1"]
[WhiteTeam "Australia Kangaroos"]
[BlackTeam "San Jose Hackers"]
[WhiteTeamCountry "AUS"]
[BlackTeamCountry "USA"]

1. e4 e5 2. Nf3 Nc6 3. Bb5 g6 4. 0-0 Bg7 5. c3 a6 6. Ba4 d6 7. h3 Nf6 8. Re1 0-0 9. d4 Bd7 10. Nbd2 Nh5 11. Bb3 exd4 12. cxd4 Nxd4 13. Nxd4 Bxd4 14. Nf3 Bf6 15. Bh6 Ng7 16. e5 dxe5 17. Nxe5 Bf5 18. Qf3 c6 19. Rad1 Qc8 20. Nd7 Bxb2 21. Nxf8 Qxf8 22. g4 Be6 23. Bxe6 fxe6 24. Qb3 Qa3 25. Qxa3 Bxa3 26. Rd7 Bf8 27. Rxb7 Rc8 28. Rd1 c5 29. Rdd7 Ne8 30. Bxf8 Kxf8 31. Rxh7 Kg8 32. Rhe7 c4 33. Rxe6 c3 34. Rxg6+ Kf8 35. Rb1 c2 36. Rc1 a5 37. Re6 1-0

[Event "PRO League Stage"]
[Site "Chess.com INT"]
[Date "2018.01.25"]
[Round "2"]
[White "Smirnov, Anton"]
[Black "Virtanen, Teemu"]
[Result "1-0"]
[WhiteElo "2527"]
[BlackElo "2301"]
[PlyCount "67"]
[EventDate "2018.01.18"]
[EventType "team-swiss (rapid)"]
[EventRounds "9"]
[EventCountry "USA"]
[SourceTitle "CBM 182 Extra"]
[Source "ChessBase"]
[SourceDate "2018.02.23"]
[SourceVersion "1"]
[SourceVersionDate "2018.02.23"]
[SourceQuality "1"]
[WhiteTeam "Australia Kangaroos"]
[BlackTeam "San Jose Hackers"]
[WhiteTeamCountry "AUS"]
[BlackTeamCountry "USA"]

1. d4 Nf6 2. c4 e6 3. Nf3 b6 4. g3 Bb7 5. Bg2 Be7 6. Nc3 0-0 7. Qc2 c5 8. d5 exd5 9. Nh4 Na6 10. cxd5 d6 11. Nf5 Re8 12. Nxe7+ Qxe7 13. 0-0 b5 14. Bg5 Nc7 15. Rad1 h6 16. Bxf6 Qxf6 17. e4 b4 18. Ne2 Ba6 19. Rfe1 Bb5 20. f4 a5 21. a4 bxa3 22. bxa3 Rab8 23. Nd4 Bd7 24. Nc6 Rb2 25. Qc1 Bxc6 26. e5 Rxg2+ 27. Kxg2 dxe5 28. dxc6 Qxc6+ 29. Kg1 e4 30. Qc4 Kf8 31. Rc1 Na6 32. Re3 f5 33. Rb1 Rd8 34. Reb3 1-0

[Event "Titled Tuesday intern op 12th Dec"]
[Site "Chess.com INT"]
[Date "2017.12.12"]
[Round "9"]
[White "Johnson, Joel F"]
[Black "Virtanen, Teemu"]
[Result "0-1"]
[WhiteElo "2223"]
[BlackElo "2301"]
[PlyCount "68"]
[EventDate "2017.12.12"]
[EventType "swiss (blitz)"]
[EventRounds "10"]
[EventCountry "USA"]
[SourceTitle "EXT 2021"]
[Source "ChessBase"]
[SourceDate "2020.10.23"]
[SourceVersion "1"]
[SourceVersionDate "2020.10.23"]
[SourceQuality "1"]

1. e4 c5 2. Nc3 e6 3. f4 Nc6 4. Nf3 d5 5. Bb5 Nge7 6. Qe2 a6 7. Bxc6+ bxc6 8. 0-0 g6 9. d3 Bg7 10. Bd2 Rb8 11. b3 0-0 12. Rae1 a5 13. a4 Ba6 14. Nd1 c4 15. bxc4 dxc4 16. dxc4 c5 17. e5 Nf5 18. Ne3 Nd4 19. Nxd4 cxd4 20. Ng4 Rb2 21. Qd3 Qb6 22. Re4 Rd8 23. Nf6+ Bxf6 24. exf6 Bb7 25. Re2 Bc6 26. f5 exf5 27. Rxf5 Bxa4 28. Bxa5 Qd6 29. Bxd8 gxf5 30. Re8+ Bxe8 31. Be7 Rb1+ 32. Kf2 Qf4+ 33. Ke2 Qf1+ 34. Kd2 Qe1# 0-1

[Event "Titled Tuesday intern op 12th Dec"]
[Site "Chess.com INT"]
[Date "2017.12.12"]
[Round "8"]
[White "Virtanen, Teemu"]
[Black "Marra, Eduardo da Costa"]
[Result "0-1"]
[WhiteElo "2301"]
[BlackElo "2148"]
[PlyCount "86"]
[EventDate "2017.12.12"]
[EventType "swiss (blitz)"]
[EventRounds "10"]
[EventCountry "USA"]
[SourceTitle "EXT 2021"]
[Source "ChessBase"]
[SourceDate "2020.10.23"]
[SourceVersion "1"]
[SourceVersionDate "2020.10.23"]
[SourceQuality "1"]

1. c4 Nf6 2. Nc3 g6 3. g3 Bg7 4. Bg2 d6 5. Nf3 0-0 6. 0-0 Nc6 7. d3 e5 8. Rb1 a5 9. a3 Nh5 10. b4 axb4 11. axb4 f5 12. Bg5 Nf6 13. Nd5 Ne7 14. Nd2 Nexd5 15. Bxd5+ Kh8 16. Bg2 h6 17. Bxf6 Qxf6 18. f4 exf4 19. Rxf4 Qe7 20. e4 g5 21. Rf1 c6 22. b5 Bd7 23. Kh1 fxe4 24. Nxe4 Rxf1+ 25. Qxf1 Rf8 26. Qg1 Bg4 27. bxc6 bxc6 28. Qb6 d5 29. Nd2 Qe2 30. Qxc6 Qxd2 31. Qxd5 Bf5 32. Bf1 Qe3 33. c5 Bd4 34. Qg2 Bh3 35. c6 Bxg2+ 36. Bxg2 Qxd3 37. Re1 Qd2 38. Rb1 Qc2 39. Re1 Rf2 40. Rg1 Re2 41. c7 Bxg1 42. c8Q+ Qxc8 43. Kxg1 Qc5+ 0-1